[Event "12sen.WM-H Naumburg"]
[Site "Naumburg/Saale(20.10.-03.11.)"]
[Date "2002.10.28"]
[Round "6"]
[White "Duemmke, Juergen"]
[Black "Langer, Wolfgang[39Leipz]"]
[Result "0-1"]
[WhiteElo "2191"]
[BlackElo "1813"]
[PlyCount "110"]
[EventDate "2002.11.??"]

1. Nf3 Nf6 2. g3 d6 3. d4 g6 4. Bg2 Bg7 5. O-O O-O 6. c4 Nbd7 7. Nc3 c6 8. e4
e5 9. h3 a6 10. Be3 b5 11. cxb5 axb5 12. dxe5 dxe5 13. Qd6 Bb7 14. Rfd1 Qb8 15.
a3 Qxd6 16. Rxd6 b4 17. Ne2 Rfe8 18. Rad1 Nf8 19. Nd2 bxa3 20. bxa3 Red8 21.
Nc4 Rxd6 22. Nxd6 Ba6 23. Nc3 Ne6 24. f4 Nh5 25. f5 Nd4 26. g4 Ng3 27. Kh2 Nge2
28. Nxe2 Bxe2 29. Rd2 Rxa3 30. Bxd4 exd4 31. Nxf7 Kxf7 32. Rxe2 Be5+ 33. Kg1 d3
34. Rd2 c5 35. Bf1 c4 36. Kg2 c3 37. Rxd3 c2 38. Rd7+ Ke8 39. Bb5 Rc3 40. f6
Bxf6 41. g5 c1=Q 42. Rd1+ Kf7 43. Rxc1 Rxc1 44. gxf6 Kxf6 45. h4 Rc3 46. Ba6
Ke5 47. Bb7 Kf4 48. h5 g5 49. h6 g4 50. Bd5 Rc2+ 51. Kf1 Rh2 52. Be6 Rxh6 53.
Bf5 Rh5 54. Kg2 Rxf5 55. exf5 Kxf5 0-1

[Event "12sen.WM-H Naumburg"]
[Site "Naumburg/Saale(20.10.-03.11.)"]
[Date "2002.10.28"]
[Round "6"]
[White "Ehlert, Joachim"]
[Black "Potthammel, Joerg"]
[Result "1-0"]
[WhiteElo "1856"]
[BlackElo "2111"]
[PlyCount "74"]
[EventDate "2002.11.??"]

1. e4 e5 2. Nf3 Nc6 3. Bb5 f5 4. d3 d6 5. O-O Nf6 6. Re1 Be7 7. exf5 Bxf5 8. d4
e4 9. d5 exf3 10. dxc6 a6 11. cxb7+ axb5 12. bxa8=Q Qxa8 13. Qxf3 Qxf3 14. gxf3
Bxc2 15. Nc3 b4 16. Nb5 Kd7 17. Nxc7 Rb8 18. Bd2 Bd3 19. Ne6 Nd5 20. Bg5 Bxg5
21. Nxg5 Nf4 22. Ne4 Be2 23. Ng3 Nh3+ 24. Kg2 Nf4+ 25. Kh1 Bxf3+ 26. Kg1 g5 27.
Ne4 g4 28. Nf6+ Kc6 29. Rac1+ Kb5 30. Rc2 h5 31. b3 Rf8 32. Ne8 d5 33. Nd6+ Kb6
34. Re7 Rb8 35. Nc8+ Kb5 36. Na7+ Kb6 37. Nc6 Rh8 1-0

[Event "12sen.WM-H Naumburg"]
[Site "Naumburg/Saale(20.10.-03.11.)"]
[Date "2002.10.28"]
[Round "6"]
[White "Eidelmann, Vova"]
[Black "Werl, Wolfgang"]
[Result "1-0"]
[WhiteElo "1845"]
[BlackElo "2088"]
[PlyCount "65"]
[EventDate "2002.11.??"]

1. d4 d6 2. c4 Nf6 3. Nc3 e5 4. e3 Be7 5. Nf3 Bg4 6. Qa4+ Qd7 7. Be2 Qxa4 8.
Nxa4 Nbd7 9. b3 c6 10. Bb2 e4 11. Nd2 Bxe2 12. Kxe2 d5 13. Rac1 O-O 14. Rc2 b5
15. cxb5 cxb5 16. Nc5 Nxc5 17. dxc5 Rfc8 18. Bd4 Ne8 19. Rhc1 Rc6 20. b4 a5 21.
a3 axb4 22. axb4 Ra4 23. Bc3 Bf6 24. Nb1 Kf8 25. Rb2 Nc7 26. Bxf6 gxf6 27. Nc3
Ke7 28. Nxa4 bxa4 29. b5 Re6 30. b6 Na6 31. Ra2 Nxc5 32. Rxc5 Rxb6 33. Rxa4 1-0

[Event "12sen.WM-H Naumburg"]
[Site "Naumburg/Saale(20.10.-03.11.)"]
[Date "2002.10.28"]
[Round "6"]
[White "Fiedler, Eduard"]
[Black "Hansen, Hans"]
[Result "1/2-1/2"]
[WhiteElo "1597"]
[BlackElo "1871"]
[PlyCount "120"]
[EventDate "2002.11.??"]

1. e4 c5 2. Nc3 Nc6 3. f4 g6 4. Nf3 Bg7 5. Bc4 e6 6. O-O Nge7 7. e5 d5 8. Bb5
O-O 9. Bxc6 Nxc6 10. d4 cxd4 11. Ne2 Qb6 12. Nexd4 Bd7 13. c3 Rfd8 14. Be3 Nxd4
15. Nxd4 Qa6 16. Bd2 Qc4 17. b3 Qc5 18. Qe2 a6 19. Rf2 b5 20. b4 Qb6 21. Nb3
Bf8 22. Be3 Qc6 23. Bc5 Bg7 24. Raf1 Re8 25. g4 f6 26. Bd4 fxe5 27. fxe5 Rf8
28. Bc5 Rxf2 29. Rxf2 Qc7 30. Bd4 Rf8 31. Nc5 Bc8 32. a4 Rxf2 33. Kxf2 bxa4 34.
Nxa4 a5 35. b5 Bd7 36. b6 Qc8 37. Nc5 Bc6 38. Qa6 Qxa6 39. Nxa6 Bf8 40. Nc5
Bxc5 41. Bxc5 h6 42. Ke3 Kf7 43. Kd4 Ke8 44. h4 g5 45. hxg5 hxg5 46. Ba3 Kd7
47. Kc5 Ba4 48. Bc1 Bd1 49. Bxg5 a4 50. Kb4 Kc6 51. Be3 Bc2 52. g5 Kb7 53. Ka3
Bg6 54. Bd4 Be8 55. Ka2 Ka6 56. Ka3 Kb7 57. g6 Bxg6 58. Kxa4 Bd3 59. Kb4 Ka6
60. Kc5 Kb7 1/2-1/2

[Event "12sen.WM-H Naumburg"]
[Site "Naumburg/Saale(20.10.-03.11.)"]
[Date "2002.10.28"]
[Round "6"]
[White "Filzmaier, Bruno"]
[Black "Kahn, Manfred"]
[Result "0-1"]
[WhiteElo "2012"]
[BlackElo "2177"]
[PlyCount "88"]
[EventDate "2002.11.??"]

1. a3 e5 2. e3 d5 3. d4 Nd7 4. Nf3 e4 5. Nfd2 Bd6 6. c4 c6 7. Nc3 Ne7 8. Qb3
Nf6 9. Be2 O-O 10. Nf1 Re8 11. Bd2 b6 12. f3 exf3 13. Bxf3 Be6 14. cxd5 cxd5
15. Nb5 Bb8 16. Rc1 Nf5 17. Kf2 a6 18. Nc3 Nd6 19. Ng3 Nde4+ 20. Bxe4 dxe4 21.
Qc2 Ng4+ 22. Kg1 Bxg3 23. hxg3 f5 24. Ne2 Rc8 25. Qd1 Qd7 26. Nf4 Rxc1 27. Bxc1
Rc8 28. Nxe6 Qxe6 29. Bd2 Qc4 30. Rh4 Qc2 31. Qe2 Qb1+ 32. Qf1 Qxf1+ 33. Kxf1
Rc2 34. Rxg4 fxg4 35. Bc3 Kf7 36. d5 Rxc3 37. bxc3 b5 38. Ke2 Ke7 39. Kd2 Kd6
40. Kc2 Kxd5 41. Kb3 Kc5 42. c4 g5 43. cxb5 axb5 44. Kc3 h5 0-1

[Event "12sen.WM-H Naumburg"]
[Site "Naumburg/Saale(20.10.-03.11.)"]
[Date "2002.10.28"]
[Round "6"]
[White "Flores_Escuin, Sadurni"]
[Black "Krischer, Ulrich"]
[Result "1-0"]
[WhiteElo "2078"]
[BlackElo "1730"]
[PlyCount "93"]
[EventDate "2002.11.??"]

1. e4 c5 2. Nf3 Nc6 3. d4 cxd4 4. Nxd4 d6 5. Nc3 a6 6. Be3 e6 7. Bc4 Nf6 8. O-O
Be7 9. Kh1 O-O 10. f4 Qc7 11. Bb3 Na5 12. Qf3 Nc4 13. Bxc4 Qxc4 14. Nce2 b5 15.
b3 Qc7 16. Ng3 Bb7 17. Rac1 Qc3 18. f5 e5 19. Nde2 Qc6 20. c4 Nxe4 21. cxb5
Nxg3+ 22. Qxg3 Qe4 23. f6 Bxf6 24. Rxf6 Qxg2+ 25. Qxg2 Bxg2+ 26. Kxg2 gxf6 27.
Bh6 Rfb8 28. Rg1 Kh8 29. Kf3 Rg8 30. Rxg8+ Kxg8 31. b6 d5 32. Nc3 d4 33. Nd5 f5
34. Ne7+ Kh8 35. Nc6 e4+ 36. Kf2 Re8 37. b7 e3+ 38. Ke1 d3 39. b8=Q d2+ 40. Ke2
Rxb8 41. Nxb8 a5 42. Nc6 f6 43. Nxa5 Kg8 44. b4 Kf7 45. b5 Ke7 46. b6 Kd7 47.
b7 1-0

[Event "12sen.WM-H Naumburg"]
[Site "Naumburg/Saale(20.10.-03.11.)"]
[Date "2002.10.28"]
[Round "6"]
[White "Franke, Helmut"]
[Black "Krueger, Erich"]
[Result "0-1"]
[WhiteElo "1759"]
[BlackElo "2223"]
[PlyCount "32"]
[EventDate "2002.11.??"]

1. e4 c6 2. d4 d5 3. exd5 cxd5 4. Nf3 Nf6 5. Be2 Bg4 6. h3 Bh5 7. Bf4 Nc6 8.
Nc3 e6 9. a3 Be7 10. Qd2 O-O 11. O-O-O Rc8 12. g4 Bg6 13. Bd3 Ne4 14. Bxe4 dxe4
15. Ng5 Na5 16. Ncxe4 Nb3+ 0-1

[Event "12sen.WM-H Naumburg"]
[Site "Naumburg/Saale(20.10.-03.11.)"]
[Date "2002.10.28"]
[Round "6"]
[White "Franz, Siegfried"]
[Black "Will, Michael"]
[Result "0-1"]
[WhiteElo "1794"]
[BlackElo "2077"]
[PlyCount "58"]
[EventDate "2002.11.??"]

1. e4 c6 2. Nc3 g6 3. d4 d5 4. exd5 cxd5 5. Nf3 Nf6 6. Bd3 Bg7 7. O-O O-O 8.
Bf4 a6 9. Qd2 Nc6 10. h3 Nb4 11. Be2 Nc6 12. Rfd1 Bf5 13. Ne5 Rc8 14. Kh1 Nxe5
15. Bxe5 Qd7 16. f3 Rc6 17. Rdc1 Rfc8 18. Bd3 Bxh3 19. Bxf6 Rxf6 20. Nxd5 Qxd5
21. Be4 Qh5 22. gxh3 Bh6 23. Qg2 Bxc1 24. Rxc1 Rd8 25. c3 b6 26. Re1 Re6 27.
Rf1 Qh4 28. f4 Rf6 29. f5 Kh8 0-1

[Event "12sen.WM-H Naumburg"]
[Site "Naumburg/Saale(20.10.-03.11.)"]
[Date "2002.10.28"]
[Round "6"]
[White "Fries, Karl_Heinz"]
[Black "Schuler, Georg"]
[Result "1/2-1/2"]
[WhiteElo "1727"]
[BlackElo "2148"]
[PlyCount "141"]
[EventDate "2002.11.??"]

1. e4 c5 2. Nf3 e6 3. d4 cxd4 4. Nxd4 a6 5. Be3 Qc7 6. Qd2 Nf6 7. f3 Nc6 8.
Nxc6 bxc6 9. Bd3 d5 10. O-O Rb8 11. b3 Bd6 12. g3 Be5 13. c3 Bd6 14. Qf2 e5 15.
Bc5 O-O 16. Nd2 Qe7 17. Bxd6 Qxd6 18. c4 d4 19. Rac1 c5 20. g4 Bxg4 21. fxg4
Nxg4 22. Qg3 Ne3 23. Rf3 Qh6 24. Qh3 Qg5+ 25. Qg3 Qh6 26. Qh3 Qg5+ 27. Rg3 Qe7
28. Nf3 Rb6 29. Qh5 f5 30. Qh4 Qxh4 31. Nxh4 f4 32. Rg5 Re8 33. Nf3 Rbe6 34.
Kf2 h6 35. Rgg1 Kf7 36. h4 Rg8 37. Nh2 g5 38. Kf3 Reg6 39. hxg5 Rxg5 40. Rxg5
Rxg5 41. Bf1 Rg3+ 42. Kf2 h5 43. Ke1 Ke6 44. Rb1 Kd6 45. Rb2 h4 46. a3 h3 47.
b4 cxb4 48. axb4 Kc6 49. Ra2 Kb6 50. c5+ Kc7 51. Rf2 Nxf1 52. Nxf1 Rb3 53. Nd2
Rxb4 54. Rh2 Kc6 55. Rxh3 Kxc5 56. Rh5 d3 57. Rxe5+ Kd4 58. Rh5 Ra4 59. e5 Kd5
60. Rf5 Ke6 61. Rh5 Ra1+ 62. Kf2 Ra2 63. Ke1 a5 64. Nf3 a4 65. Rh6+ Kd5 66.
Rd6+ Ke4 67. Nd2+ Kxe5 68. Rxd3 Kf5 69. Kd1 Rb2 70. Ra3 Rb4 71. Kc2 1/2-1/2

[Event "12sen.WM-H Naumburg"]
[Site "Naumburg/Saale(20.10.-03.11.)"]
[Date "2002.10.28"]
[Round "6"]
[White "Fronczek, Heinrich"]
[Black "Rudnik, Heinz"]
[Result "1-0"]
[WhiteElo "2272"]
[BlackElo "2068"]
[PlyCount "59"]
[EventDate "2002.11.??"]

1. d4 Nf6 2. c4 g6 3. Nc3 Bg7 4. e4 d6 5. f3 c6 6. Bd3 a6 7. Nge2 b5 8. O-O O-O
9. Be3 Nbd7 10. Qd2 e5 11. d5 bxc4 12. Bxc4 Nb6 13. Bb3 cxd5 14. Nxd5 Nbxd5 15.
exd5 Bb7 16. Nc3 Rc8 17. Na4 e4 18. fxe4 Nxe4 19. Qb4 Qe7 20. Rae1 Be5 21. g3
f5 22. Nb6 Rc7 23. Nc4 Bg7 24. Bb6 Rcc8 25. Nxd6 Be5 26. Bc5 Nxc5 27. Nxc8 Qg5
28. Rxe5 Nd3 29. Qe7 Qg4 30. d6+ 1-0

[Event "12sen.WM-H Naumburg"]
[Site "Naumburg/Saale(20.10.-03.11.)"]
[Date "2002.10.28"]
[Round "6"]
[White "Giering, Helmut"]
[Black "Weber, Siegfried[27Fech]"]
[Result "1/2-1/2"]
[WhiteElo "1714"]
[BlackElo "1588"]
[PlyCount "95"]
[EventDate "2002.11.??"]

1. Nf3 d6 2. d4 g6 3. b3 Bg7 4. Bb2 Nf6 5. e3 O-O 6. Be2 Nbd7 7. O-O c5 8. c4
a6 9. Nc3 Qc7 10. Qc2 b6 11. Rfd1 Bb7 12. Rd2 Rad8 13. d5 Bc8 14. Bd3 Ng4 15.
h3 Nge5 16. Nxe5 Nxe5 17. Be2 f5 18. f4 Nf7 19. Rf1 Nh6 20. Bf3 Bd7 21. Nd1
Bxb2 22. Qxb2 b5 23. Be2 Rb8 24. Nc3 bxc4 25. Bxc4 Bb5 26. Bxb5 axb5 27. Ne2
Qa5 28. Qc3 Qa7 29. Kf2 Qa3 30. Kf3 Rfc8 31. Rc1 Ra8 32. Qb2 Qb4 33. Kf2 Kf7
34. Qc3 Qa3 35. Qb2 Qxb2 36. Rxb2 b4 37. Kf3 Ng8 38. g4 Nf6 39. Rd1 Ra3 40.
gxf5 gxf5 41. Ng3 Rca8 42. Rdd2 Ne4 43. Nxe4 fxe4+ 44. Kxe4 Rg8 45. Rg2 Rg6 46.
f5 Rh6 47. Rg3 Rh4+ 48. Kf3 1/2-1/2

[Event "12sen.WM-H Naumburg"]
[Site "Naumburg/Saale(20.10.-03.11.)"]
[Date "2002.10.28"]
[Round "6"]
[White "Goy, Udo"]
[Black "Scheide, Helmut"]
[Result "1-0"]
[WhiteElo "2193"]
[BlackElo "2014"]
[PlyCount "47"]
[EventDate "2002.11.??"]

1. d4 Nf6 2. Nf3 e6 3. g3 d5 4. Bg2 Be7 5. c4 Nbd7 6. O-O O-O 7. Qc2 c5 8. cxd5
exd5 9. Nc3 Re8 10. Bf4 a6 11. Rad1 cxd4 12. Nb5 Nc5 13. Nc7 Ne6 14. Nxa8 Nxf4
15. Nc7 Nxe2+ 16. Kh1 Rf8 17. Nxd4 Nxd4 18. Rxd4 Bd6 19. Nxd5 Be5 20. Rd2 g6
21. Qxc8 Qxc8 22. Ne7+ Kg7 23. Nxc8 Rxc8 24. Bxb7 1-0

[Event "12sen.WM-H Naumburg"]
[Site "Naumburg/Saale(20.10.-03.11.)"]
[Date "2002.10.28"]
[Round "6"]
[White "Gruzmann, Boris"]
[Black "Shlakman, Itzhak"]
[Result "1-0"]
[WhiteElo "2265"]
[BlackElo "2127"]
[PlyCount "65"]
[EventDate "2002.11.??"]

1. e4 e5 2. Nf3 Nc6 3. Bb5 a6 4. Ba4 Nf6 5. Qe2 Be7 6. O-O b5 7. Bb3 d6 8. a4
Bg4 9. c3 Na5 10. Bc2 c6 11. d4 O-O 12. Rd1 Qc7 13. Nbd2 Nb7 14. Nf1 Bd7 15.
Ng3 c5 16. Nf5 Bxf5 17. exf5 cxd4 18. cxd4 bxa4 19. Bg5 exd4 20. Nxd4 Nc5 21.
Rac1 Qb7 22. Re1 Ra7 23. Qd1 Qd7 24. Rxe7 Qxe7 25. Nc6 Qc7 26. Bxf6 Qxc6 27.
Qg4 g6 28. Qh4 Nd7 29. fxg6 fxg6 30. Bb3+ axb3 31. Rxc6 Rxf6 32. Qc4+ Kg7 33.
Qd4 1-0

[Event "12sen.WM-H Naumburg"]
[Site "Naumburg/Saale(20.10.-03.11.)"]
[Date "2002.10.28"]
[Round "6"]
[White "Hamm, Georg"]
[Black "Dornieden, Manfred_Dr"]
[Result "1/2-1/2"]
[WhiteElo "2078"]
[BlackElo "2299"]
[PlyCount "69"]
[EventDate "2002.11.??"]

1. Nf3 d6 2. g3 e5 3. e4 Nc6 4. Bg2 Be7 5. d3 Nf6 6. Nc3 O-O 7. O-O h6 8. h3
Be6 9. d4 exd4 10. Nxd4 Nxd4 11. Qxd4 c6 12. Be3 Nd7 13. f4 Nb6 14. b3 d5 15.
Qd2 dxe4 16. Nxe4 Qxd2 17. Bxd2 f5 18. Nf2 Rad8 19. Nd3 Bf6 20. Rae1 Bd5 21.
Ba5 Bd4+ 22. Kh2 Bxg2 23. Kxg2 Rfe8 24. Bxb6 axb6 25. Rxe8+ Rxe8 26. Re1 Rxe1
27. Nxe1 b5 28. Nf3 Bf6 29. Kf2 Kf7 30. Ke3 g6 31. Kd3 Ke6 32. c4 bxc4+ 33.
Kxc4 Kd6 34. a4 Kc7 35. Ne1 1/2-1/2

[Event "12sen.WM-H Naumburg"]
[Site "Naumburg/Saale(20.10.-03.11.)"]
[Date "2002.10.28"]
[Round "6"]
[White "Har_Zahav, Avraham"]
[Black "Zhelesny, Stanislav"]
[Result "0-1"]
[WhiteElo "2072"]
[BlackElo "2229"]
[PlyCount "150"]
[EventDate "2002.11.??"]

1. e4 d5 2. exd5 Qxd5 3. Nc3 Qd8 4. Nf3 Nf6 5. d4 g6 6. Be2 Bg7 7. O-O O-O 8.
Bf4 c6 9. Qd2 Bg4 10. h3 Bf5 11. Bd3 Bxd3 12. Qxd3 Nbd7 13. Rfe1 Re8 14. Rad1
Nb6 15. Ne5 Nfd5 16. Nxd5 Nxd5 17. Bh2 e6 18. Nc4 Bf8 19. c3 Rc8 20. Qf3 Qf6
21. Qxf6 Nxf6 22. Be5 Nd5 23. Ne3 b5 24. Ng4 Be7 25. Rd3 h5 26. Ne3 f6 27. Nxd5
cxd5 28. Bf4 Kf7 29. Bd2 a5 30. Rde3 Bd6 31. g4 hxg4 32. hxg4 Bf4 33. R3e2 Bxd2
34. Rxd2 Rh8 35. Rde2 Rce8 36. Kg2 Rh4 37. Kg3 g5 38. a3 a4 39. Re3 Rh7 40.
R3e2 Rh6 41. Kg2 Rhh8 42. Kg3 Rh6 43. Re3 Re7 44. R3e2 Rh8 45. Re3 Rhe8 46. f4
gxf4+ 47. Kxf4 Rh8 48. R1e2 Ree8 49. Kg3 Rh7 50. Kf4 Rh1 51. Rf3 Reh8 52. Rfe3
Rf1+ 53. Rf3 Rxf3+ 54. Kxf3 Rh3+ 55. Kf4 Ke7 56. Rg2 Kd6 57. g5 fxg5+ 58. Kxg5
e5 59. dxe5+ Kxe5 60. Rg4 Kd6 61. Rb4 Kc5 62. Kf5 Rd3 63. Ke5 Re3+ 64. Kf5 Re2
65. b3 axb3 66. Rxb3 Kc4 67. Rb4+ Kxc3 68. Rxb5 d4 69. Rb8 d3 70. Rc8+ Kb2 71.
Rb8+ Kc1 72. Rd8 d2 73. Rc8+ Kd1 74. Rh8 Re1 75. Kf4 Kc1 0-1

[Event "12sen.WM-H Naumburg"]
[Site "Naumburg/Saale(20.10.-03.11.)"]
[Date "2002.10.28"]
[Round "6"]
[White "Hecht, Hans_Joachim"]
[Black "Gurgenidze, Bukhuti"]
[Result "1/2-1/2"]
[WhiteElo "2390"]
[BlackElo "2198"]
[PlyCount "121"]
[EventDate "2002.11.??"]

1. d4 Nf6 2. c4 e6 3. Nf3 Nc6 4. g3 d5 5. Bg2 dxc4 6. O-O Rb8 7. Re1 Be7 8. e4
O-O 9. Nc3 b5 10. d5 Nb4 11. Nd4 a6 12. a3 e5 13. axb4 exd4 14. Qxd4 Bxb4 15.
Bf4 Nd7 16. Rad1 Nc5 17. d6 cxd6 18. Qxd6 Bg4 19. Qxb8 Qxb8 20. Bxb8 Rxb8 21.
f3 Be6 22. Bf1 Na4 23. Nxa4 Bxe1 24. Nc5 Ba5 25. Nxa6 Rd8 26. Rxd8+ Bxd8 27.
Kf2 Bb6+ 28. Ke2 Bd4 29. Nc7 Bd7 30. b3 cxb3 31. Kd2 b2 32. Kc2 b4 33. Nb5 Bxb5
34. Bxb5 h5 35. Bd3 Kf8 36. Kd2 Bg1 37. Ke2 Bxh2 38. Kf2 h4 39. gxh4 Ke7 40.
Ke3 Kd6 41. f4 Kc5 42. e5 Kd5 43. h5 b3 44. Bb1 Bg3 45. Kf3 Bh4 46. Ke3 Kc4 47.
f5 Kd5 48. e6 fxe6 49. fxe6 Kc4 50. Bd3+ Kc3 51. Bb1 Bg5+ 52. Ke2 Kd4 53. Bg6
Ke5 54. Bb1 Kd4 55. Kf3 Kc3 56. Ke2 Be7 57. Kd1 Bb4 58. Ke2 Kd4 59. Kf3 Kd5 60.
Ke3 Kxe6 61. Kd4 1/2-1/2

[Event "12sen.WM-H Naumburg"]
[Site "Naumburg/Saale(20.10.-03.11.)"]
[Date "2002.10.28"]
[Round "6"]
[White "Heyse, Juergen"]
[Black "Fabritius, Herbert"]
[Result "1/2-1/2"]
[WhiteElo "1560"]
[BlackElo "1726"]
[PlyCount "30"]
[EventDate "2002.11.??"]

1. d4 e6 2. Nf3 d5 3. e3 Bd6 4. Bd3 Nf6 5. Nbd2 Nbd7 6. O-O e5 7. dxe5 Nxe5 8.
Nxe5 Bxe5 9. h3 O-O 10. Re1 Re8 11. Nf3 Bd6 12. b3 Ne4 13. Bd2 Qf6 14. Kf1 g5
15. Bxe4 dxe4 1/2-1/2

[Event "12sen.WM-H Naumburg"]
[Site "Naumburg/Saale(20.10.-03.11.)"]
[Date "2002.10.28"]
[Round "6"]
[White "Hilburt, Leonid"]
[Black "Malinichev, Konstantin"]
[Result "0-1"]
[WhiteElo "2106"]
[BlackElo "1000"]
[PlyCount "35"]
[EventDate "2002.11.??"]

1. e4 e5 2. Nf3 Nc6 3. Bb5 a6 4. Ba4 Nf6 5. O-O Be7 6. Re1 b5 7. Bb3 O-O 8. a4
Bb7 9. c3 d5 10. exd5 Nxd5 11. axb5 axb5 12. Rxa8 Bxa8 13. Nxe5 Nxe5 14. Rxe5
Nf4 15. d4 Nxg2 16. Qe2 Bd6 17. Rf5 Nh4 18. Rg5 0-1

[Event "12sen.WM-H Naumburg"]
[Site "Naumburg/Saale(20.10.-03.11.)"]
[Date "2002.10.28"]
[Round "6"]
[White "Hobusch, Werner"]
[Black "Vogel, Alfred[37Soemm]"]
[Result "1-0"]
[WhiteElo "2160"]
[BlackElo "1916"]
[PlyCount "57"]
[EventDate "2002.11.??"]

1. e4 e6 2. d4 d5 3. Nc3 Bb4 4. e5 c5 5. a3 Ba5 6. b4 cxd4 7. Nb5 Bc7 8. f4 Nc6
9. Nf3 Bb8 10. Bb2 a6 11. Nbxd4 Nge7 12. Bd3 Ba7 13. Qe2 Bd7 14. O-O g6 15. Kh1
Nxd4 16. Nxd4 Nc6 17. Nxc6 Bxc6 18. a4 Bd7 19. f5 gxf5 20. Bxf5 Qg5 21. Bg4 Rg8
22. Bh5 O-O-O 23. Rf6 Bb8 24. Bxf7 Rgf8 25. b5 a5 26. Ra3 b6 27. Raf3 Rxf7 28.
Rxf7 Be8 29. Rc3+ 1-0

[Event "12sen.WM-H Naumburg"]
[Site "Naumburg/Saale(20.10.-03.11.)"]
[Date "2002.10.28"]
[Round "6"]
[White "Hoehne, Peter[38Wedd]"]
[Black "Blaushtein, Boris"]
[Result "1-0"]
[WhiteElo "1767"]
[BlackElo "2157"]
[PlyCount "75"]
[EventDate "2002.11.??"]

1. d4 Nf6 2. c4 e6 3. Nf3 d5 4. e3 Nbd7 5. Bd3 Be7 6. O-O O-O 7. Qc2 c6 8. Nc3
h6 9. b3 Bd6 10. Bb2 Re8 11. e4 dxe4 12. Nxe4 Nxe4 13. Bxe4 Nf6 14. Bd3 Rb8 15.
Rad1 b5 16. Rfe1 bxc4 17. bxc4 Bb4 18. Bc3 Qa5 19. Bxb4 Rxb4 20. Rb1 Ra4 21.
Rb2 Ba6 22. Re5 Nd5 23. cxd5 cxd5 24. Bxa6 Qxa6 25. Qe2 Qc6 26. Qd1 Rc4 27. Re1
f6 28. h3 a5 29. Qb1 e5 30. dxe5 fxe5 31. Rbe2 e4 32. Qb2 Rb4 33. Qd2 Reb8 34.
Nd4 Qc4 35. Nf5 Kh7 36. Ne3 Qd4 37. Nxd5 Qe5 38. Nxb4 1-0

[Event "12sen.WM-H Naumburg"]
[Site "Naumburg/Saale(20.10.-03.11.)"]
[Date "2002.10.28"]
[Round "6"]
[White "Hohler, Peter"]
[Black "Asmundsson, Ingvar"]
[Result "1/2-1/2"]
[WhiteElo "2210"]
[BlackElo "2338"]
[PlyCount "66"]
[EventDate "2002.11.??"]

1. c4 e5 2. Nc3 d6 3. d4 Nd7 4. Nf3 Ngf6 5. Bg5 Be7 6. e3 c6 7. Qc2 O-O 8. Bd3
h6 9. Bh4 Re8 10. O-O Qc7 11. h3 Nh5 12. Bxe7 Rxe7 13. Rad1 Nf8 14. b4 g6 15.
dxe5 dxe5 16. c5 Nf6 17. Nd2 Nd5 18. Qb3 Be6 19. Bc4 Nxc3 20. Qxc3 a5 21. a3
axb4 22. axb4 Bxc4 23. Nxc4 Nd7 24. Ra1 Ree8 25. Rfd1 Rxa1 26. Qxa1 Nb8 27. Nb6
Kh7 28. Rd6 Qe7 29. Qd1 h5 30. Qd2 Kg7 31. Qc3 Kh7 32. Qd2 Kg7 33. Qc3 Kh7
1/2-1/2

[Event "12sen.WM-H Naumburg"]
[Site "Naumburg/Saale(20.10.-03.11.)"]
[Date "2002.10.28"]
[Round "6"]
[White "Igney, Volkhard"]
[Black "Boehnisch, Manfred"]
[Result "0-1"]
[WhiteElo "2254"]
[BlackElo "2365"]
[PlyCount "56"]
[EventDate "2002.11.??"]

1. d4 d5 2. c4 c6 3. Nf3 Nf6 4. e3 Bg4 5. h3 Bxf3 6. Qxf3 e6 7. Bd3 Nbd7 8. O-O
Bd6 9. Nc3 O-O 10. cxd5 exd5 11. e4 dxe4 12. Nxe4 Nxe4 13. Qxe4 g6 14. Bd2 Re8
15. Qf3 Nb6 16. Rfe1 Qh4 17. Re4 Rxe4 18. Qxe4 Qf6 19. Re1 Nd5 20. Bc4 Rd8 21.
Bh6 Bf8 22. Bd2 h6 23. h4 Nb6 24. Bb3 Rxd4 25. Qe2 Rxh4 26. Bc3 Qf5 27. g3 Rh5
28. Qe8 Qf3 0-1

[Event "12sen.WM-H Naumburg"]
[Site "Naumburg/Saale(20.10.-03.11.)"]
[Date "2002.10.28"]
[Round "6"]
[White "Jahr, Dieter"]
[Black "Zhukov, Viktor"]
[Result "0-1"]
[WhiteElo "2045"]
[BlackElo "2220"]
[PlyCount "39"]
[EventDate "2002.11.??"]

1. c4 g6 2. Nc3 Bg7 3. g3 c5 4. Bg2 d6 5. e4 Nc6 6. Nge2 h5 7. h4 Bg4 8. a3 Bd7
9. d3 a6 10. a4 Qa5 11. Bd2 Nb4 12. Nc1 Qc7 13. O-O e6 14. Rb1 d5 15. f4 d4 16.
N3e2 a5 17. Bxb4 axb4 18. b3 Nf6 19. Bf3 Bc6 20. Kh2 0-1

[Event "12sen.WM-H Naumburg"]
[Site "Naumburg/Saale(20.10.-03.11.)"]
[Date "2002.10.28"]
[Round "6"]
[White "Joch, Horst"]
[Black "Rubinstein, Mark"]
[Result "1/2-1/2"]
[WhiteElo "1654"]
[BlackElo "2012"]
[PlyCount "72"]
[EventDate "2002.11.??"]

1. e4 e6 2. c3 d5 3. exd5 exd5 4. d4 Bd6 5. Nf3 Nc6 6. Be2 Nf6 7. Bg5 h6 8. Bh4
O-O 9. O-O g5 10. Bg3 Bg4 11. Nbd2 Re8 12. Bd3 Ne4 13. Be2 f5 14. Bxd6 Qxd6 15.
Re1 Bh5 16. h3 Rad8 17. Nh2 Bf7 18. Bh5 Re7 19. Bxf7+ Rxf7 20. Nhf1 Ne7 21. f3
Nf6 22. Qc2 Kg7 23. Re2 f4 24. Rae1 Ng6 25. Nh2 Re7 26. Rxe7+ Nxe7 27. Ng4 Nxg4
28. hxg4 Qf6 29. Nb3 b6 30. Qe2 Kf7 31. Qd3 Rd7 32. Re5 Kg7 33. Qe2 Ng6 34. Re6
Qf7 35. Nc1 Re7 36. Rxe7 Qxe7 1/2-1/2

[Event "12sen.WM-H Naumburg"]
[Site "Naumburg/Saale(20.10.-03.11.)"]
[Date "2002.10.28"]
[Round "6"]
[White "Just, Joachim"]
[Black "Fotland, Hans_Christian"]
[Result "1/2-1/2"]
[WhiteElo "2149"]
[BlackElo "1819"]
[PlyCount "161"]
[EventDate "2002.11.??"]

1. Nf3 Nf6 2. d4 e6 3. Bg5 d5 4. e3 c6 5. c3 Nbd7 6. Nbd2 Be7 7. Bd3 O-O 8. Ne5
Re8 9. f4 Nf8 10. O-O N6d7 11. Bxe7 Qxe7 12. Qh5 f6 13. Nxd7 Bxd7 14. e4 Qf7
15. Qxf7+ Kxf7 16. Rae1 b6 17. c4 Rad8 18. Nf3 Bc8 19. Rc1 Ba6 20. b4 Ng6 21.
g3 Ne7 22. Rfd1 Kf8 23. a4 Rc8 24. exd5 exd5 25. b5 dxc4 26. Bxc4 Bb7 27. Be6
Rcd8 28. Kf2 cxb5 29. axb5 Nd5 30. f5 Re7 31. Ne1 Nc7 32. Bc4 Bd5 33. Bd3 Bb3
34. Rd2 Rxd4 35. Rc3 Bf7 36. Re2 Rdd7 37. Rec2 Nd5 38. Ra3 Nb4 39. Rc8+ Be8 40.
Be2 Rd2 41. Re3 Kf7 42. Rxe7+ Kxe7 43. Ke3 Rd5 44. Rc7+ Rd7 45. Rc4 Nd5+ 46.
Kf2 Kd8 47. Nf3 Rc7 48. Rd4 Rd7 49. Rc4 Nc7 50. Nd4 Rd5 51. Rb4 Ke7 52. Ra4 a6
53. Bf3 Rc5 54. Be2 Nxb5 55. Nf3 a5 56. Re4+ Kd8 57. Re6 Nc3 58. Rxb6 Nxe2 59.
Kxe2 Rxf5 60. Rb8+ Ke7 61. Nd4 Rd5 62. Ke3 Bd7 63. Ra8 a4 64. Ra7 Kd6 65. Ne2
Re5+ 66. Kd2 Re7 67. Nc3 Re5 68. Nxa4 Bxa4 69. Rxa4 h5 70. Ra7 Re7 71. Ra6+ Kd7
72. Ra5 g6 73. Ra8 Re8 74. Ra6 Ke7 75. Ke3 Kf7+ 76. Kf3 g5 77. h3 Rb8 78. Ra3
Rb4 79. g4 Kg6 80. Rc3 Rb6 81. Ra3 1/2-1/2

[Event "12sen.WM-H Naumburg"]
[Site "Naumburg/Saale(20.10.-03.11.)"]
[Date "2002.10.28"]
[Round "6"]
[White "Kachar, Vladimir"]
[Black "Kanko, Ilkka"]
[Result "0-1"]
[WhiteElo "2373"]
[BlackElo "2265"]
[PlyCount "112"]
[EventDate "2002.11.??"]

1. c4 c5 2. Nf3 Nf6 3. g3 d5 4. Bg2 Nc6 5. d4 dxc4 6. Qa4 cxd4 7. O-O Bd7 8.
Qxc4 e6 9. Nxd4 Rc8 10. Nc3 Nxd4 11. Qxd4 Bc5 12. Qf4 Bc6 13. Bxc6+ Rxc6 14.
Rd1 Qc8 15. Be3 O-O 16. Rd3 a6 17. Rad1 Be7 18. Bd4 b5 19. Be5 Rc4 20. Qf3 Qc6
21. Qxc6 Rxc6 22. f3 b4 23. Na4 Rc2 24. Kf2 Nd5 25. R1d2 Rfc8 26. e4 Nf6 27.
Bd6 Rxd2+ 28. Rxd2 Kf8 29. Ke3 Rc6 30. Be5 g5 31. Kd3 Nd7 32. Bd4 f6 33. Rc2
Rd6 34. Ke3 f5 35. Rc8+ Kf7 36. e5 Rd5 37. f4 h5 38. Ra8 a5 39. Rc8 h4 40. Rc6
h3 41. b3 g4 42. Rc8 Bf8 43. Kd3 Bg7 44. Rc7 Ke8 45. Rc6 Bxe5 46. Rc8+ Kf7 47.
fxe5 Nxe5+ 48. Ke3 Nf3 49. Bb6 Nxh2 50. Rc1 Nf3 51. Nc5 Re5+ 52. Kf2 Nd4 53.
Nd3 Re2+ 54. Kf1 Rd2 55. Nf2 Ne2 56. Bc7 Nxc1 0-1